000
00301nam a22001337a 4500
008
171013b xxu||||| |||| 00| 0 eng d
020
_a
9780495172192
041
_a
eng
080
_a
316
100
_a
50
101
_a
SOC
245
_a
COMMUNICATION BETWEEN CULTURE
_c
SAMOVAR, L.A
942
_2
udc
_c
BK
999
_c
33585
_d
33585